Modelář extra

Bibliographic Details
Other Authors: Štěrbáček, Jindřich (Publishing director)
Format: Journal
Language:Czech
Slovak
PhysicalDescription:zv. 30 cm
Published: Bratislava Magnet Press Slovakia 2015-
ISSN:1339-8326
Subjects:
Online Access:http://www.aeromedia.cz

MARC

LEADER 00000cas a2200000 a 4500
001 vtls010690601
003 SK-MaSNL
005 20260228162013.0
008 150706c20159999xo fr|p 001 b0cze
022 |a 1339-8326 
040 |a SVKPO  |b slo  |c SVKPO  |d SNK  |e AACR2 
041 0 |a cze  |a slo 
044 |a xo  |c SK 
072 7 |a 67/68  |x Remeslá. Rôzne odvetvia priemyslu  |2 konspekt 
072 7 |a 623  |x Vojenská technika  |2 konspekt 
072 7 |a 629  |x Dopravné prostriedky  |2 konspekt 
080 |a 689  |2 2001 
080 |a 629.7  |2 2011 
080 |a 623  |2 2011 
080 |a 050  |2 2011 
080 |a (051)-048.55  |2 2011 
210 0 |a Model. extra 
222 0 |a Modelář extra 
245 0 0 |a Modelář extra 
260 |a Bratislava  |b Magnet Press Slovakia  |c 2015- 
300 |a zv.  |c 30 cm 
310 |a 2x ročne 
362 0 |a Č. 23 (2015)- 
500 |a Podnázov v tiráži: český a slovenský odborný modelářský časopis 
500 |a Šéfredaktor: 2015- , Jindřich Štěrbáček 
500 |a Evidenčné č.: EV 5064/14 
515 |a Má priebežné číslovanie 
546 |a Text aj v slov. 
550 |a Vydáva Magnet Press Slovakia v spolupráci s Aeromedia, na základe licencie Magnet Press CZ 
650 0 7 |a modelárstvo  |2 SNKPH  |9 3668 
650 0 7 |a vojenská technika  |2 SNKPH  |9 29297 
650 0 7 |a letectvo  |2 SNKPH  |9 23632 
655 7 |a špecializované časopisy  |2 SNKPH  |9 70509 
700 1 |a Štěrbáček, Jindřich  |4 pbd  |9 270180 
772 0 |t Modelář  |x 1214-7842  |w vtls008881057 
856 4 0 |u http://www.aeromedia.cz 
910 |a snk 
999 |c 6402  |d 8332 
952 |0 0  |1 0  |4 0  |7 0  |8 0  |a SNK  |b SNK  |d 2020-12-14  |i snk2020/22625  |l 0  |o snkČSB 6553/14/2017 D1  |p 17A1433390  |r 2026-02-21 19:24:46  |t č. 27-28, neúplné  |w 2026-02-21  |y PREZ  |z Chýba č. 28 
952 |0 0  |1 0  |4 0  |7 0  |8 0  |a SNK  |b SNK  |d 2021-10-12  |i snk2021/15204  |l 0  |o snkČSB 6553/16/2019  |p 17A1435997  |r 2026-02-21 20:00:32  |t č. 31-32  |w 2026-02-21  |y PREZ 
952 |0 0  |1 0  |4 0  |7 0  |8 0  |a SNK  |b SNK  |d 2021-10-12  |i snk2021/15205  |l 0  |o snkČSB 6553/17/2020  |p 17A1435998  |r 2026-02-21 20:00:32  |t č. 33-34  |w 2026-02-21  |y PREZ 
952 |0 0  |1 0  |4 0  |7 0  |8 0  |a SNK  |b SNK  |d 2020-06-25  |i snk2020/11277  |l 0  |o snkČSB 6553/14/2017  |p 17A1430956  |r 2026-02-21 22:01:43  |t č. 27-28  |w 2026-02-21  |y PREZ 
952 |0 0  |1 0  |4 0  |7 0  |8 0  |a SNK  |b SNK  |d 2020-06-25  |i snk2020/11279  |l 0  |o snkČSB 6553/15/2018  |p 17A1430957  |r 2026-02-21 22:01:43  |t č. 29-30  |w 2026-02-21  |y PREZ 
952 |0 0  |1 0  |4 0  |7 0  |8 0  |a SNK  |b SNK  |d 2020-06-25  |i snk2020/11285  |l 0  |o snkČSB 6553/15/2018 D1  |p 17A1430958  |r 2026-02-21 22:01:43  |t č. 29-30  |w 2026-02-21  |y PREZ 
952 |0 0  |1 0  |4 0  |7 0  |8 0  |a SNK  |b SNK  |d 2017-11-13  |i snk2017/24973  |l 0  |o snkČSB 6553/12/2015  |p 17A1266249  |r 2026-02-21 22:11:49  |t č. 23-24   |w 2026-02-21  |y PREZ 
952 |0 0  |1 0  |4 0  |7 0  |8 0  |a SNK  |b SNK  |d 2017-11-13  |i snk2017/24974  |l 0  |o snkČSB 6553/13/2016  |p 17A1266248  |r 2026-02-21 22:11:49  |t č. 25-26  |w 2026-02-21  |y PREZ 
952 |0 0  |1 0  |4 0  |7 0  |8 0  |a SNK  |b SNK  |d 2017-11-13  |i snk2017/24980  |l 0  |o snkČSB 6553/12/2015 D1  |p 17A1266250  |r 2026-02-21 22:11:49  |t č. 23-24   |w 2026-02-21  |y PREZ 
952 |0 0  |1 0  |4 0  |7 0  |8 0  |a SNK  |b SNK  |d 2017-11-13  |i snk2017/24981  |l 0  |o snkČSB 6553/13/2016 D1  |p 17A1266239  |r 2026-02-21 22:11:49  |t č. 25-26  |w 2026-02-21  |y PREZ